00498nam a2200133Ia 4500100002700000942000700027654005300034245007000087260003900157082001600196546001200212999001700224952012300241 aSingh H/ Rao T.S.R.P.  cBK aproduction & application of lube base stocks aAdvances in Production and Application of Lube base Stocks bTata Mc Graw hillaNew Delhic1994 a665.53bPAN aENGLISH c29448d29448 001040708CRCaCRCEbCRCEd2023-03-17eglobal booksg496.00l0o665.53 PANp7034r2023-03-17v496.00w2023-03-17yBK